[Event "ISR-chT"]
[Site "Israel"]
[Date "2017.03.10"]
[Round "9"]
[White "Nedobora, Mikhail"]
[Black "Livshits, Gaby"]
[Result "0-1"]
[WhiteElo "2429"]
[BlackElo "2440"]
[PlyCount "78"]
[EventDate "2017.01.09"]
[EventType "team-tourn"]
[EventRounds "11"]
[EventCountry "ISR"]
[SourceTitle "EXT 2018"]
[Source "ChessBase"]
[SourceDate "2017.10.13"]
[SourceVersion "1"]
[SourceVersionDate "2017.10.13"]
[SourceQuality "1"]

1. Nf3 Nf6 2. d4 g6 3. Bf4 Bg7 4. h3 d6 5. e3 0-0 6. Be2 a5 7. c4 Na6 8. Nc3 c6 9. 0-0 Nc7 10. e4 Ne6 11. Be3 d5 12. e5 Ne4 13. Qc1 f5 14. Qc2 f4 15. Bc1 N4g5 16. Nxg5 Nxg5 17. cxd5 cxd5 18. h4 Bf5 19. Qb3 Ne6 20. Rd1 a4 21. Nxa4 Bh6 22. Nc3 Nc7 23. Bd2 e6 24. h5 gxh5 25. Bxh5 Qh4 26. Bf3 Kh8 27. Ne2 b5 28. Rdc1 Rf7 29. Kf1 Rg8 30. Ng1 Rfg7 31. Ke2 Rxg2 32. Bxg2 Rxg2 33. Rf1 f3+ 34. Nxf3 Qe4+ 35. Kd1 Bg4 36. Bxh6 Bxf3+ 37. Kd2 Qe2+ 38. Kc3 Na6 39. a3 Rg8 0-1

[Event "ISR-chT 1011"]
[Site "Israel"]
[Date "2011.05.27"]
[Round "7.5"]
[White "Livshits, Gaby"]
[Black "Ofek, Ram"]
[Result "1-0"]
[WhiteElo "2452"]
[BlackElo "2214"]
[PlyCount "69"]
[EventDate "2010.12.24"]
[EventType "team-tourn"]
[EventRounds "11"]
[EventCountry "ISR"]
[SourceTitle "EXT 2012"]
[Source "ChessBase"]
[SourceDate "2011.11.24"]
[SourceVersion "1"]
[SourceVersionDate "2011.11.24"]
[SourceQuality "1"]
[WhiteTeam "Kefar Sava Hapoel"]
[BlackTeam "Beer Sheva V"]
[WhiteTeamCountry "ISR"]
[BlackTeamCountry "ISR"]

1. e4 c5 2. Nf3 Nc6 3. Nc3 e6 4. d4 cxd4 5. Nxd4 Nf6 6. Ndb5 d6 7. a4 Be7 8. Bf4 e5 9. Bg5 a6 10. Bxf6 gxf6 11. Na3 f5 12. Qh5 fxe4 13. Bc4 0-0 14. 0-0 Nd4 15. Bd5 Bf5 16. Nc4 Bg6 17. Qd1 Rc8 18. a5 Kh8 19. Ne3 f5 20. Bxb7 Rb8 21. Bxa6 Rxb2 22. Ned5 f4 23. Re1 Bh4 24. Nxe4 Qa8 25. Bc4 Bxe4 26. Rxe4 Rxc2 27. Bd3 Rxf2 28. Rxd4 exd4 29. Qh5 Qa7 30. Qxh4 Rd2 31. Nxf4 Re8 32. Rf1 d5 33. Ne6 Rxe6 34. Qd8+ Kg7 35. Qf8# 1-0

[Event "ISR-chT"]
[Site "Israel"]
[Date "2010.04.23"]
[Round "7.2"]
[White "Soffer, Ram"]
[Black "Livshits, Gaby"]
[Result "1/2-1/2"]
[WhiteElo "2459"]
[BlackElo "2447"]
[PlyCount "75"]
[EventDate "2010.01.29"]
[EventType "team"]
[EventRounds "11"]
[EventCountry "ISR"]
[SourceTitle "EXT 2011"]
[Source "ChessBase"]
[SourceDate "2010.11.26"]
[SourceVersion "1"]
[SourceVersionDate "2010.11.26"]
[SourceQuality "1"]
[WhiteTeam "Herzliya"]
[BlackTeam "Beer Sheva VI"]
[WhiteTeamCountry "ISR"]
[BlackTeamCountry "ISR"]

1. c4 Nf6 2. Nc3 c5 3. g3 Nc6 4. Bg2 g6 5. a3 Bg7 6. Rb1 0-0 7. b4 Ng4 8. Na4 d6 9. Nh3 Nge5 10. d3 Bf5 11. Nf4 Rb8 12. 0-0 cxb4 13. axb4 b5 14. cxb5 Rxb5 15. Bd2 Qb8 16. Nd5 Be6 17. Nac3 Bxd5 18. Nxd5 e6 19. Ne3 Nxb4 20. Qa4 a5 21. f4 Nd7 22. Bc6 Nxc6 23. Qxb5 Qxb5 24. Rxb5 a4 25. Nc2 Nc5 26. Be3 Nb3 27. Kf2 Rc8 28. Rb1 d5 29. Bc5 h5 30. Bd6 Ncd4 31. Nxd4 Bxd4+ 32. Ke1 Rc2 33. Rb8+ Kg7 34. Ra8 Bc3+ 35. Kf2 Bd4+ 36. Ke1 Bc3+ 37. Kf2 Bd4+ 38. Ke1 1/2-1/2

[Event "ISR-chT 0809"]
[Site "Israel"]
[Date "2008.12.19"]
[Round "3"]
[White "Livshits, Gaby"]
[Black "Zoler, Dan"]
[Result "1/2-1/2"]
[WhiteElo "2427"]
[BlackElo "2475"]
[PlyCount "43"]
[EventDate "2008.12.12"]
[EventType "team-tourn"]
[EventRounds "11"]
[EventCountry "ISR"]
[SourceTitle "EXT 2010"]
[Source "ChessBase"]
[SourceDate "2010.11.25"]
[SourceVersion "1"]
[SourceVersionDate "2010.11.25"]
[SourceQuality "1"]

1. e4 c5 2. Nc3 d6 3. f4 Nc6 4. Nf3 g6 5. Bc4 Bg7 6. 0-0 Nf6 7. d3 0-0 8. Bb3 e6 9. Qe1 Rb8 10. Qh4 b5 11. e5 Nd7 12. Qxd8 Rxd8 13. exd6 Nd4 14. Nxd4 Bxd4+ 15. Kh1 a6 16. a4 b4 17. Ne2 Bg7 18. a5 Bb7 19. Bc4 Nf6 20. Be3 Rbc8 21. c3 Nd5 22. Bd2 1/2-1/2

[Event "Gibraltar Telecom final"]
[Site "ICC INT"]
[Date "2008.12.14"]
[Round "1.1"]
[White "Livshits, Gaby"]
[Black "Perez Ponsa, Federico"]
[Result "0-1"]
[WhiteElo "2427"]
[BlackElo "2363"]
[PlyCount "112"]
[EventDate "2008.12.14"]
[EventType "k.o. (blitz)"]
[EventRounds "3"]
[EventCountry "ENG"]
[SourceTitle "CBM 127 Extra"]
[Source "ChessBase"]
[SourceDate "2009.01.08"]
[SourceVersion "2"]
[SourceVersionDate "2009.01.28"]
[SourceQuality "1"]

1. e4 c5 2. Nf3 d6 3. d4 cxd4 4. Nxd4 Nf6 5. Nc3 a6 6. g3 e5 7. Nde2 Be6 8. Bg2 Nbd7 9. 0-0 Be7 10. h3 0-0 11. Be3 b5 12. a4 b4 13. Nd5 Nxd5 14. exd5 Bf5 15. c3 Rb8 16. g4 Bg6 17. f4 exf4 18. Nxf4 bxc3 19. bxc3 Ne5 20. Nxg6 hxg6 21. Bd4 Nd7 22. Qe2 a5 23. Rab1 Bf6 24. Bxf6 gxf6 25. Rb5 Kg7 26. Rfb1 Rc8 27. Qd2 Ne5 28. Rb7 Rc4 29. Qc2 Qc8 30. R1b3 Qc5+ 31. Kh1 Nxg4 32. hxg4 Rh8+ 33. Bh3 Rxg4 34. Rxf7+ Kxf7 35. Rb7+ Kg8 36. Rb8+ Kg7 37. Rb7+ Kh6 38. Bxg4 Kg5+ 39. Kg2 f5 40. Bf3 Qe3 41. Qe2 Qxc3 42. Qe7+ Qf6 43. Qxf6+ Kxf6 44. Rb5 Ra8 45. Rb6 Ke5 46. Kf2 g5 47. Be2 g4 48. Bb5 f4 49. Bc6 Rh8 50. Rb5 Rh2+ 51. Kg1 Ra2 52. Rb1 f3 53. Rb3 Kf4 54. Rb1 g3 55. Bd7 Rh2 56. Bb5 f2+ 0-1

[Event "Gibraltar Telecom final"]
[Site "ICC INT"]
[Date "2008.12.14"]
[Round "1.4"]
[White "Perez Ponsa, Federico"]
[Black "Livshits, Gaby"]
[Result "1-0"]
[WhiteElo "2363"]
[BlackElo "2427"]
[PlyCount "87"]
[EventDate "2008.12.14"]
[EventType "k.o. (blitz)"]
[EventRounds "3"]
[EventCountry "ENG"]
[SourceTitle "CBM 127 Extra"]
[Source "ChessBase"]
[SourceDate "2009.01.08"]
[SourceVersion "2"]
[SourceVersionDate "2009.01.28"]
[SourceQuality "1"]

1. e4 c5 2. Nf3 g6 3. d4 cxd4 4. Nxd4 Bg7 5. Nc3 Nc6 6. Be3 Nf6 7. Bc4 0-0 8. Bb3 a5 9. 0-0 a4 10. Nxa4 Nxe4 11. Nb5 d5 12. c3 e6 13. Nc5 Nd6 14. Nxd6 Qxd6 15. Ne4 Qc7 16. Ng3 b6 17. Qd2 Re8 18. Rfe1 Ba6 19. Bf4 e5 20. Bh6 Rad8 21. Bxg7 Kxg7 22. Qg5 f6 23. Nh5+ Kh8 24. Qxf6+ Kg8 25. Qg5 Rf8 26. Nf6+ Kh8 27. Nxd5 Qf7 28. Qe3 Rxd5 29. Bxd5 Qxd5 30. Qxb6 Bd3 31. Rad1 e4 32. b3 Kg8 33. c4 Qd7 34. Rxe4 Qf5 35. Ree1 Ne5 36. Qe3 Bc2 37. Rd5 Be4 38. Rxe5 Qxe5 39. Qxe4 Qc3 40. Qe6+ Rf7 41. Qe3 Qb2 42. c5 Qxa2 43. c6 Qc2 44. Rc1 1-0

[Event "WMSG Rapid Team 1st"]
[Site "Beijing"]
[Date "2008.10.16"]
[Round "8"]
[White "Lovik, Lasse Ostebo"]
[Black "Livshits, Gaby"]
[Result "0-1"]
[WhiteElo "2167"]
[BlackElo "2427"]
[PlyCount "174"]
[EventDate "2008.10.14"]
[EventType "team (rapid)"]
[EventRounds "9"]
[EventCountry "CHN"]
[SourceTitle "CBM 126 Extra"]
[Source "ChessBase"]
[SourceDate "2008.11.05"]
[SourceVersion "1"]
[SourceVersionDate "2008.11.05"]
[SourceQuality "1"]

1. e4 e5 2. Nf3 Nc6 3. Bb5 a6 4. Ba4 Nf6 5. 0-0 Bc5 6. c3 b5 7. Bc2 d6 8. h3 h6 9. a4 Bb7 10. d3 0-0 11. Nbd2 Qd7 12. Re1 Rfe8 13. Nf1 d5 14. Be3 Bf8 15. Ng3 dxe4 16. Nxe4 Nxe4 17. dxe4 Qxd1 18. Rexd1 Na5 19. b3 b4 20. Rd7 Rac8 21. Bd2 Bd6 22. c4 Bc6 23. Rxd6 cxd6 24. Bxb4 Nb7 25. Rd1 Red8 26. Kf1 a5 27. Ba3 f6 28. Nh4 Rd7 29. Nf5 Rcd8 30. Ke2 Kf7 31. f3 Ke6 32. g4 g6 33. Ne3 Nc5 34. Nd5 Rb8 35. Bxc5 dxc5 36. Kf2 Rh7 37. Kg3 h5 38. Nxf6 h4+ 39. Kf2 Kxf6 40. Rd6+ Kg5 41. Rxc6 Rd7 42. Ke3 Rbd8 43. Rxc5 Rd2 44. Bb1 Rb2 45. Bd3 Rxb3 46. Rxe5+ Kf6 47. Rd5 Ke7 48. c5 Ra3 49. c6 Rxd5 50. exd5 Kd6 51. f4 Kxd5 52. c7 Rc3 53. Kd2 Rxc7 54. Bxg6 Kd4 55. g5 Rc3 56. Bf5 Rg3 57. Ke2 Kd5 58. Kf2 Kd6 59. Bg4 Ke7 60. f5 Rb3 61. f6+ Kf8 62. Be6 Rb6 63. Bd5 Rd6 64. Bc4 Rd4 65. Bb5 Rd5 66. g6 Rf5+ 67. Ke3 Rxf6 68. Bd3 Kg7 69. Bc2 Rc6 70. Bd3 Rb6 71. Bc2 Rb2 72. Kd2 Kf6 73. Kc3 Rb4 74. Kd2 Rf4 75. Ke3 Rc4 76. Kd3 Rc5 77. Kd2 Rg5 78. Kc3 Rg3+ 79. Kc4 Rxh3 80. Kb5 Rc3 81. Be4 Re3 82. Bc6 Re5+ 83. Kc4 Kxg6 84. Kd4 Re1 85. Bg2 Kg5 86. Kc4 Kg4 87. Bc6 Rc1+ 0-1

[Event "WMSG Blitz Team 1st"]
[Site "Beijing"]
[Date "2008.10.13"]
[Round "11"]
[White "Livshits, Gaby"]
[Black "Cooper, Lawrence"]
[Result "1-0"]
[WhiteElo "2427"]
[BlackElo "2313"]
[PlyCount "117"]
[EventDate "2008.10.13"]
[EventType "tourn (blitz)"]
[EventRounds "11"]
[EventCountry "CHN"]
[SourceTitle "CBM 126 Extra"]
[Source "ChessBase"]
[SourceDate "2008.11.05"]
[SourceVersion "1"]
[SourceVersionDate "2008.11.05"]
[SourceQuality "1"]

1. e4 e5 2. Nf3 Nf6 3. Nc3 Nc6 4. g3 d6 5. Bg2 g6 6. 0-0 Bg7 7. d4 exd4 8. Nxd4 0-0 9. Nde2 Re8 10. h3 Be6 11. g4 Bc4 12. Re1 a5 13. Ng3 Nd7 14. Nd5 Nb4 15. c3 Nxd5 16. exd5 Rxe1+ 17. Qxe1 Nc5 18. Be3 a4 19. Qd2 Qd7 20. Bd4 Bxd4 21. Qxd4 Bb5 22. Re1 Re8 23. Rxe8+ Qxe8 24. h4 Qe1+ 25. Kh2 Qe5 26. Qxe5 dxe5 27. Ne4 Nxe4 28. Bxe4 Bc4 29. a3 f6 30. Kg3 Kf7 31. d6 c6 32. h5 gxh5 33. gxh5 h6 34. Bf5 Bd5 35. Bc8 b6 36. f4 exf4+ 37. Kxf4 Bc4 38. Bd7 c5 39. Bxa4 Be2 40. Bb3+ Ke8 41. Kf5 Bxh5 42. Ba4+ Kd8 43. Kxf6 Be2 44. Kg6 h5 45. Kg5 Bf3 46. Bb5 Bd1 47. b4 cxb4 48. axb4 Bf3 49. c4 Be2 50. Kh4 Kc8 51. Ba6+ Kd8 52. Bb5 Kc8 53. Kg3 Kd8 54. Kf2 Bg4 55. c5 bxc5 56. bxc5 h4 57. c6 h3 58. c7+ Kc8 59. Ba6+ 1-0

[Event "WMSG Rapid 1st"]
[Site "Beijing"]
[Date "2008.10.06"]
[Round "7"]
[White "Reinderman, Dimitri"]
[Black "Livshits, Gaby"]
[Result "1/2-1/2"]
[WhiteElo "2543"]
[BlackElo "2427"]
[PlyCount "86"]
[EventDate "2008.10.05"]
[EventType "swiss (rapid)"]
[EventRounds "9"]
[EventCountry "CHN"]
[SourceTitle "CBM 126 Extra"]
[Source "ChessBase"]
[SourceDate "2008.11.05"]
[SourceVersion "1"]
[SourceVersionDate "2008.11.05"]
[SourceQuality "1"]

1. c4 Nf6 2. Nc3 c5 3. Nf3 Nc6 4. d4 cxd4 5. Nxd4 e6 6. Ndb5 d6 7. Bf4 e5 8. Bg5 a6 9. Bxf6 gxf6 10. Na3 f5 11. Nc2 Be6 12. e4 fxe4 13. Nxe4 Be7 14. Bd3 d5 15. cxd5 Qxd5 16. Ne3 Qa5+ 17. Nc3 0-0-0 18. Qb1 Kb8 19. 0-0 Nd4 20. Bc4 Bxc4 21. Nxc4 Qc7 22. Ne3 Rhg8 23. Qe4 Bg5 24. Rad1 f6 25. Ned5 Qg7 26. f4 Bh6 27. fxe5 fxe5 28. Nf6 Rgf8 29. Qxe5+ Ka8 30. Ncd5 Rxf6 31. Nxf6 Nf3+ 32. Rxf3 Rxd1+ 33. Rf1 Rd2 34. Rf2 Rxf2 35. Kxf2 Bg5 36. Qe8+ Ka7 37. Nd7 Qd4+ 38. Kf3 Qf4+ 39. Ke2 Qd2+ 40. Kf3 Qf4+ 41. Ke2 Qc4+ 42. Kf2 Qd4+ 43. Kf3 Qf4+ 1/2-1/2

[Event "WMSG Blitz 1st"]
[Site "Beijing"]
[Date "2008.10.04"]
[Round "2"]
[White "Livshits, Gaby"]
[Black "Sandipan, Chanda"]
[Result "0-1"]
[WhiteElo "2427"]
[BlackElo "2579"]
[PlyCount "97"]
[EventDate "2008.10.04"]
[EventType "swiss (blitz)"]
[EventRounds "11"]
[EventCountry "CHN"]
[SourceTitle "CBM 126 Extra"]
[Source "ChessBase"]
[SourceDate "2008.11.05"]
[SourceVersion "1"]
[SourceVersionDate "2008.11.05"]
[SourceQuality "1"]

1. e4 c5 2. Nf3 d6 3. d4 cxd4 4. Nxd4 Nf6 5. Nc3 e6 6. g3 a6 7. Bg2 Be7 8. 0-0 Qc7 9. Be3 Nc6 10. Nxc6 bxc6 11. Na4 0-0 12. c4 Rb8 13. b3 Nd7 14. Rc1 c5 15. f4 Bb7 16. Qd3 Rbd8 17. Rcd1 Nb8 18. g4 Nc6 19. g5 Rfe8 20. Nc3 Bf8 21. Ne2 d5 22. Ng3 Nb4 23. Qe2 dxc4 24. Qxc4 a5 25. Rxd8 Rxd8 26. Rf2 Ba6 27. Qc3 Rd3 28. Qc1 Qd7 29. Nf1 Rd1 30. Rd2 Rxd2 31. Qxd2 Qxd2 32. Bxd2 Nxa2 33. Bxa5 Nc1 34. Nd2 Bd3 35. Bf1 Bxf1 36. Kxf1 Nd3 37. Bc7 Be7 38. Ke2 Nb4 39. Nc4 Nc6 40. Kd3 Nd4 41. b4 Nb5 42. bxc5 Nxc7 43. Nd6 Kf8 44. Nb7 Na6 45. Kc4 Nc7 46. Nd6 e5 47. fxe5 Bxg5 48. Nf5 Bf4 49. Kd4 0-1

[Event "WMSG Blitz 1st"]
[Site "Beijing"]
[Date "2008.10.04"]
[Round "8"]
[White "Socko, Bartosz"]
[Black "Livshits, Gaby"]
[Result "1-0"]
[WhiteElo "2631"]
[BlackElo "2427"]
[PlyCount "104"]
[EventDate "2008.10.04"]
[EventType "swiss (blitz)"]
[EventRounds "11"]
[EventCountry "CHN"]
[SourceTitle "CBM 126 Extra"]
[Source "ChessBase"]
[SourceDate "2008.11.05"]
[SourceVersion "1"]
[SourceVersionDate "2008.11.05"]
[SourceQuality "1"]

1. e4 c5 2. Nf3 e6 3. d4 cxd4 4. Nxd4 a6 5. Bd3 g6 6. Be3 Bg7 7. Nd2 Ne7 8. f4 Nbc6 9. N2f3 0-0 10. Qd2 b5 11. 0-0-0 Bb7 12. Rhe1 d6 13. Kb1 Qa5 14. Qf2 Nb4 15. a3 Nxd3 16. cxd3 b4 17. Bd2 Qb6 18. Be3 bxa3 19. Nxe6 Qb4 20. Nxg7 Kxg7 21. Bd4+ Kg8 22. Bc3 Qb3 23. Nd4 Qb6 24. Qc2 Rab8 25. Qb3 Qxb3 26. Nxb3 Bc6 27. Nd4 Ba4 28. Rd2 Rfc8 29. Rc1 Nc6 30. Nxc6 Rxc6 31. Ka2 Bb3+ 32. Kxa3 Be6 33. b4 a5 34. Rb2 axb4+ 35. Rxb4 Ra6+ 36. Kb2 Ra2+ 37. Kb1 Rba8 38. Bb2 R2a5 39. Rc6 d5 40. Rcb6 dxe4 41. Rb8+ Bc8 42. dxe4 h5 43. h4 Kh7 44. Rxa8 Rxa8 45. Kc2 Be6 46. Kd3 Rd8+ 47. Ke3 Re8 48. g3 Bd5 49. Be5 Be6 50. Rb7 Rc8 51. f5 gxf5 52. exf5 Bd5 1-0

[Event "ISR-chT 08"]
[Site "Israel"]
[Date "2008.01.04"]
[Round "2.4"]
[White "Grinshpun, Eduard"]
[Black "Livshits, Gaby"]
[Result "0-1"]
[WhiteElo "2425"]
[BlackElo "2414"]
[PlyCount "132"]
[EventDate "2007.12.26"]
[EventType "team-tourn"]
[EventRounds "11"]
[EventCountry "ISR"]
[SourceTitle "EXT 2009"]
[Source "ChessBase"]
[SourceDate "2008.11.26"]
[SourceVersion "1"]
[SourceVersionDate "2008.11.26"]
[SourceQuality "1"]
[WhiteTeam "Herzliya"]
[BlackTeam "Ashdod II"]
[WhiteTeamCountry "ISR"]
[BlackTeamCountry "ISR"]

1. d4 Nf6 2. c4 g6 3. Nc3 d5 4. e3 Bg7 5. Qb3 c6 6. Nf3 0-0 7. Bd2 dxc4 8. Bxc4 b5 9. Be2 Be6 10. Qc2 Na6 11. a3 Rc8 12. b4 Nc7 13. 0-0 Ncd5 14. e4 Nb6 15. a4 a6 16. axb5 axb5 17. Rfd1 Bc4 18. Bf4 Nfd7 19. h4 h6 20. Qc1 Kh7 21. Ne5 Bxe2 22. Nxe2 Nxe5 23. dxe5 Qc7 24. e6 Qb7 25. Ra3 c5 26. bxc5 Nc4 27. Rb3 Rxc5 28. exf7 Qxe4 29. Ng3 Qc6 30. Be3 Nxe3 31. Qxe3 Rxf7 32. h5 gxh5 33. Rdb1 h4 34. Qe4+ Qxe4 35. Nxe4 Rc4 36. Nd2 Rc2 37. Nf3 h3 38. Rxb5 hxg2 39. Kxg2 Rc3 40. Nh4 Bd4 41. Nf5 Bc5 42. Ne3 Bxe3 43. fxe3 Rxe3 44. R1b4 Re6 45. Kg3 Rg6+ 46. Rg4 Rf1 47. Rxg6 Kxg6 48. Re5 Kf7 49. Kg4 e6 50. Re2 Kf6 51. Rh2 Kg6 52. Re2 h5+ 53. Kh4 Kf5 54. Ra2 e5 55. Ra8 Rg1 56. Rf8+ Ke4 57. Kxh5 Ke3 58. Kh4 e4 59. Kh3 Ke2 60. Kh2 Rg7 61. Re8 e3 62. Re6 Kf2 63. Rf6+ Ke1 64. Kh3 e2 65. Rd6 Rg5 66. Kh4 Rg1 0-1

[Event "ISR-chT"]
[Site "Israel"]
[Date "2007.04.20"]
[Round "7.4"]
[White "Livshits, Gaby"]
[Black "Haimovich, Tal"]
[Result "1/2-1/2"]
[WhiteElo "2408"]
[BlackElo "2442"]
[PlyCount "55"]
[EventDate "2007.01.11"]
[EventType "team"]
[EventRounds "11"]
[EventCountry "ISR"]
[SourceTitle "EXT 2009"]
[Source "ChessBase"]
[SourceDate "2008.11.26"]
[SourceVersion "1"]
[SourceVersionDate "2008.11.26"]
[SourceQuality "1"]
[WhiteTeam "Kefar Sava Hapoel"]
[BlackTeam "Herzliya"]
[WhiteTeamCountry "ISR"]
[BlackTeamCountry "ISR"]

1. e4 e6 2. Qe2 c5 3. Nf3 Nc6 4. g3 d6 5. Bg2 Nf6 6. 0-0 Be7 7. d3 0-0 8. c3 Bd7 9. a3 Rc8 10. b4 b6 11. Nbd2 Re8 12. Re1 Bf8 13. Bb2 Rc7 14. b5 Ne7 15. a4 Ng6 16. c4 e5 17. a5 Qc8 18. axb6 axb6 19. Ra6 Rb7 20. Rea1 Be7 21. Nf1 Nf8 22. Ne3 Ne6 23. Nf5 Bf8 24. Bc1 Nc7 25. R6a3 d5 26. Bg5 Bxf5 27. Bxf6 Bg4 28. Bg5 1/2-1/2

[Event "Wch Blitz 1st"]
[Site "Rishon Le Ziyyon"]
[Date "2006.09.07"]
[Round "10"]
[White "Anand, Viswanathan"]
[Black "Livshits, Gaby"]
[Result "1-0"]
[WhiteElo "2779"]
[BlackElo "2406"]
[PlyCount "79"]
[EventDate "2006.09.07"]
[EventType "tourn (blitz)"]
[EventRounds "15"]
[EventCountry "ISR"]
[EventCategory "16"]
[SourceTitle "CBM 114 Extra"]
[Source "ChessBase"]
[SourceDate "2006.11.03"]
[SourceVersion "1"]
[SourceVersionDate "2006.11.03"]
[SourceQuality "1"]

1. e4 c5 2. Nf3 e6 3. d4 cxd4 4. Nxd4 a6 5. Bd3 g6 6. 0-0 Bg7 7. c3 Nc6 8. Nxc6 bxc6 9. Be3 d6 10. Nd2 Ne7 11. Nc4 0-0 12. Bb6 Qd7 13. a4 Bb7 14. Be2 Nc8 15. Bd4 c5 16. Bxc5 Qc6 17. Bd4 e5 18. Be3 Qxe4 19. Bf3 Qxc4 20. Bxb7 Rb8 21. Bd5 Qc7 22. Ra2 Ne7 23. Bf3 d5 24. a5 d4 25. cxd4 exd4 26. Bxd4 Bxd4 27. Qxd4 Rfd8 28. Qc3 Qd6 29. h3 Nf5 30. Be2 Nd4 31. Bc4 Rdc8 32. Qd3 Rc6 33. b3 Rd8 34. Qe3 Nf5 35. Qe4 Rc5 36. Kh1 Re5 37. Qb7 Re7 38. Qxa6 Qf4 39. Qb6 Ng3+ 40. fxg3 1-0